Finančné a inštitucionálne zabezpečenie kapitalizačného piliera dôchodkového poistenia v SR a komparácia s vybranými krajinami EÚ diplomová práca
Salvato in:
| Autore principale: | |
|---|---|
| Ente Autore: | |
| Altri autori: | |
| Natura: | Libro |
| Lingua: | slovacco |
| Pubblicazione: |
Bratislava
2008
|
| Tags: |
Nessun Tag, puoi essere il primo ad aggiungerne!!
|
MARC
| LEADER | 00000nam$a2200000$$$4500 | ||
|---|---|---|---|
| 001 | 0078667 | ||
| 005 | 20230113082321.2 | ||
| 041 | 0 | |a slo | |
| 044 | |a SK | ||
| 245 | 1 | 0 | |a Finančné a inštitucionálne zabezpečenie kapitalizačného piliera dôchodkového poistenia v SR a komparácia s vybranými krajinami EÚ |b diplomová práca |c Juraj Fuska ; škol. Iveta Pauhofová |
| 264 | 1 | |a Bratislava |c 2008 | |
| 300 | |a 83 s. | ||
| 100 | 1 | |a Fuska, Juraj | |
| 700 | 1 | |a Pauhofová, Iveta | |
| 710 | 2 | |a Národohospodárska fakulta EU. Katedra financií | |